Carried away : the invention of modern shopping /

Saved in:
Bibliographic Details
Main Author: Bowlby, Rachel, 1957-
Format: Book
Language:English
Published: London : Faber and Faber, c2000.
Subjects:
LEADER 01428cam a2200397 a 4500
001 c000379811
003 CARM
005 20110214114929.0
008 110214s2000 enka b 001 0 eng d
010 |a 00056123 
015 |a GBA0-W0986 
019 1 |a 21603359  |z 23447942  |z 21815982  |5 LACONCORD2021 
020 |a 0231122748 (cloth : alk. paper) 
020 |a 0571193072 (pbk.) 
035 |a (OCoLC)45304802  |5 LACONCORD2021 
040 |a DLC  |b eng  |c DLC  |d DLC  |d QGU  |d QSCUC 
042 |a pcc 
050 0 0 |a HC79.C6  |b B69 2000 
050 0 0 |a HC79.C6  |b B69 2001 
082 0 4 |a 306.3082  |2 21 
084 |a 83.71  |2 bcl 
100 1 |a Bowlby, Rachel,  |d 1957- 
245 1 0 |a Carried away :  |b the invention of modern shopping /  |c Rachel Bowlby. 
260 |a London :  |b Faber and Faber,  |c c2000. 
300 |a 281 p. :  |b ill. ;  |c 22 cm. 
504 |a Includes bibliographical references (p. [267]-275) and index. 
650 0 |a Women consumers  |x History. 
650 0 |a Consumption (Economics)  |x History. 
650 0 |a Shopping  |x History. 
650 0 |a Supermarkets  |x History. 
650 0 |a Department stores  |x History. 
852 8 |b CARM  |p 0530898  |f BK 
852 8 |b SCAN  |h A3:AF01B0  |i B11835  |p 0530898  |f BK 
999 f f |i 45702511-bd63-53ae-92d4-84c9eab8f796  |s 149cf6e7-384b-5068-a067-93a3707abd16 
952 f f |p Can circulate  |a CAVAL  |b CAVAL  |c CAVAL  |d CARM 1 Store  |i book  |m 0530898 
952 f f |a CAVAL  |b CAVAL  |c CAVAL  |d Unmapped Location  |e B11835  |f A3:AF01B0  |h Other scheme